[Event "POR-ch Amateur U1600"]
[Site "Braga"]
[Date "2018.09.08"]
[Round "4"]
[White "Duarte, Francisco"]
[Black "Barroso, Simao Oliveira Alvi"]
[Result "0-1"]
[WhiteElo "1205"]
[BlackElo "1570"]
[PlyCount "66"]
[EventDate "2018.09.06"]
[EventType "swiss"]
[EventRounds "5"]
[EventCountry "POR"]
[SourceTitle "EXT 2024"]
[Source "ChessBase"]
[SourceDate "2023.10.10"]
[SourceVersion "1"]
[SourceVersionDate "2023.10.10"]
[SourceQuality "1"]

1. e4 c6 2. d4 d5 3. f3 e6 4. Nc3 Bb4 5. Bf4 Ne7 6. Bd3 Nd7 7. Nge2 c5 8. Bb5 a6 9. Bxd7+ Bxd7 10. 0-0 Bc6 11. a3 cxd4 12. axb4 dxc3 13. Nxc3 Qb6+ 14. Kh1 Qxb4 15. exd5 Nxd5 16. Nxd5 Bxd5 17. Bc1 0-0 18. Qe1 Qxe1 19. Rxe1 Rac8 20. c3 Rfd8 21. Bf4 f6 22. Ra4 e5 23. Be3 Bc6 24. Rb4 Rd3 25. g4 Bxf3+ 26. Kg1 Bc6 27. c4 Rcd8 28. Kf2 Kf7 29. c5 R8d7 30. Rc4 Rb3 31. Rc2 Rdd3 32. Ree2 Bb5 33. Bc1 Rf3+ 0-1

[Event "Famalicao op 6th"]
[Site "Famalicao"]
[Date "2018.08.04"]
[Round "9"]
[White "Barroso, Simao Oliveira Alvi"]
[Black "Lomba, Lucas"]
[Result "1-0"]
[WhiteElo "1556"]
[BlackElo "1311"]
[PlyCount "87"]
[EventDate "2018.07.29"]
[EventType "swiss"]
[EventRounds "9"]
[EventCountry "POR"]
[SourceTitle "CBM 185 Extra"]
[Source "ChessBase"]
[SourceDate "2018.07.29"]
[SourceVersion "1"]
[SourceVersionDate "2018.07.29"]
[SourceQuality "1"]

1. d4 d5 2. Bf4 Bf5 3. Nf3 Nf6 4. e3 Nbd7 5. Nbd2 e6 6. c4 Be7 7. Be2 0-0 8. 0-0 Rc8 9. c5 Nh5 10. Bg3 Bg4 11. b4 Nxg3 12. hxg3 Bxf3 13. gxf3 e5 14. Nb3 exd4 15. Nxd4 Bf6 16. Bd3 Bxd4 17. exd4 Nf6 18. Qc2 c6 19. Rfe1 Re8 20. Kf1 h6 21. Rxe8+ Qxe8 22. Re1 Qf8 23. Qa4 a6 24. Qa5 Qd8 25. Bf5 Qxa5 26. bxa5 Rb8 27. Re7 g6 28. Bh3 Nh7 29. f4 g5 30. Rc7 gxf4 31. gxf4 Nf8 32. Rc8 Rxc8 33. Bxc8 Ne6 34. Bxb7 Nxd4 35. Bxa6 Kf8 36. Bb7 Ke7 37. a6 Nb5 38. Bxc6 Nc7 39. a7 d4 40. a8Q Nxa8 41. Bxa8 f5 42. Ke2 h5 43. Kd3 h4 44. Bg2 1-0

[Event "Famalicao op 6th"]
[Site "Famalicao"]
[Date "2018.07.30"]
[Round "2"]
[White "Barroso, Simao Oliveira Alvi"]
[Black "Marques, Ricardo Martinho"]
[Result "1-0"]
[WhiteElo "1556"]
[BlackElo "1199"]
[PlyCount "69"]
[EventDate "2018.07.29"]
[EventType "swiss"]
[EventRounds "9"]
[EventCountry "POR"]
[SourceTitle "CBM 185 Extra"]
[Source "ChessBase"]
[SourceDate "2018.07.29"]
[SourceVersion "1"]
[SourceVersionDate "2018.07.29"]
[SourceQuality "1"]

1. e4 e5 2. Nf3 Nc6 3. Bb5 Nf6 4. 0-0 Nxe4 5. Re1 Nd6 6. Nxe5 Be7 7. Bxc6 dxc6 8. Qe2 Be6 9. Nc3 0-0 10. Nxf7 Bxf7 11. Qxe7 Qxe7 12. Rxe7 Rfe8 13. Rxe8+ Rxe8 14. Kf1 Nf5 15. Ne2 c5 16. d3 Bd5 17. f3 c4 18. Bf4 cxd3 19. cxd3 c6 20. Kf2 Kf7 21. Nc3 Nd4 22. Ne4 Kg6 23. Rc1 Bxa2 24. Ra1 Bd5 25. Rxa7 Ne6 26. Be3 b5 27. Nc5 Nxc5 28. Bxc5 Rg8 29. Bd4 h5 30. Kg3 Kh6 31. Rd7 g5 32. Be5 Re8 33. f4 Rg8 34. f5 Rf8 35. Bg7+ 1-0

[Event "POR-ch U18"]
[Site "Luso"]
[Date "2018.03.27"]
[Round "5"]
[White "Barroso, Simao Oliveira Alvi"]
[Black "Lima, Diogo Nunes"]
[Result "1-0"]
[WhiteElo "1535"]
[BlackElo "1187"]
[PlyCount "135"]
[EventDate "2018.03.24"]
[EventType "swiss"]
[EventRounds "7"]
[EventCountry "POR"]
[SourceTitle "EXT 2019"]
[Source "ChessBase"]
[SourceDate "2018.10.10"]
[SourceVersion "1"]
[SourceVersionDate "2018.10.10"]
[SourceQuality "1"]

1. d4 d5 2. Bf4 Nf6 3. e3 e6 4. Nd2 Be7 5. Bd3 0-0 6. h3 c5 7. c3 Nc6 8. Ngf3 b6 9. 0-0 Bb7 10. Re1 Rc8 11. a3 c4 12. Bc2 a6 13. e4 dxe4 14. Nxe4 Nxe4 15. Bxe4 Na5 16. Qe2 Bxe4 17. Qxe4 b5 18. d5 Nb3 19. d6 Bf6 20. Rad1 Nc5 21. Qe3 Nd3 22. Re2 Nxf4 23. Qxf4 Qd7 24. Ne5 Bxe5 25. Qxe5 Rfd8 26. Red2 Qc6 27. d7 Rc7 28. Rd6 Qb7 29. Qg5 f6 30. Qe3 e5 31. f4 Rcxd7 32. fxe5 fxe5 33. Qxe5 Rxd6 34. Rxd6 Rxd6 35. Qxd6 Kf7 36. Qf4+ Kg8 37. Qe5 Qc6 38. Kf2 Kf7 39. Qh5+ Qg6 40. Qxg6+ Kxg6 41. Ke3 Kf5 42. Kd4 Kf4 43. Kc5 Kg3 44. Kb6 Kxg2 45. Kxa6 Kxh3 46. Kxb5 g5 47. a4 g4 48. a5 g3 49. a6 g2 50. a7 g1Q 51. a8Q Qb1 52. Qf3+ Kh4 53. Qf2+ Kh5 54. Kxc4 Qe4+ 55. Qd4 Qe2+ 56. Kb3 Qb5+ 57. Qb4 Qd5+ 58. Qc4 Qxc4+ 59. Kxc4 Kg4 60. b4 h5 61. b5 h4 62. b6 h3 63. b7 h2 64. b8Q h1Q 65. Qc8+ Kf4 66. Qc7+ Ke3 67. Qc5+ Ke4 68. Qd5+ 1-0

[Event "Famalicao op 5th"]
[Site "Famalicao"]
[Date "2017.08.01"]
[Round "5"]
[White "Silva, Mariana Sofia Teixe"]
[Black "Barroso, Simao Oliveira Alvi"]
[Result "1-0"]
[WhiteElo "1908"]
[BlackElo "1421"]
[PlyCount "81"]
[EventDate "2017.07.29"]
[EventType "swiss"]
[EventRounds "9"]
[EventCountry "POR"]
[SourceTitle "EXT 2018"]
[Source "ChessBase"]
[SourceDate "2017.10.13"]
[SourceVersion "1"]
[SourceVersionDate "2017.10.13"]
[SourceQuality "1"]

1. e4 c6 2. d4 d5 3. Nd2 dxe4 4. Nxe4 Nf6 5. Nxf6+ exf6 6. Nf3 Bd6 7. Be3 0-0 8. Qd2 Be6 9. Bd3 Nd7 10. 0-0 Nb6 11. Bf4 Nd5 12. Bg3 Re8 13. c3 Nb6 14. b3 a5 15. Qc2 Bxg3 16. hxg3 g6 17. Nd2 Qc7 18. Ne4 Kg7 19. Nc5 Nd5 20. Rfe1 b6 21. Ne4 f5 22. Ng5 c5 23. Nxe6+ fxe6 24. Bb5 Re7 25. c4 Nb4 26. Qc3 cxd4 27. Qxd4+ e5 28. Qc3 Kf7 29. a3 Nd5 30. Qd2 Nf6 31. Rad1 Ne4 32. Qd5+ Kf6 33. Qxa8 Qc5 34. Qc6+ Re6 35. Qxc5 Nxc5 36. b4 axb4 37. axb4 Nb3 38. c5 Nd4 39. Bc4 Rc6 40. f4 Nc2 41. Rxe5 1-0

[Event "Famalicao op 5th"]
[Site "Famalicao"]
[Date "2017.07.30"]
[Round "2"]
[White "Barroso, Simao Oliveira Alvi"]
[Black "Sousa, Gil Oliva Teles"]
[Result "1/2-1/2"]
[WhiteElo "1421"]
[BlackElo "1134"]
[PlyCount "140"]
[EventDate "2017.07.29"]
[EventType "swiss"]
[EventRounds "9"]
[EventCountry "POR"]
[SourceTitle "EXT 2018"]
[Source "ChessBase"]
[SourceDate "2017.10.13"]
[SourceVersion "1"]
[SourceVersionDate "2017.10.13"]
[SourceQuality "1"]

1. e4 e5 2. Nf3 Nc6 3. Bb5 a6 4. Ba4 Nf6 5. 0-0 b5 6. Bb3 Be7 7. Re1 0-0 8. d3 d6 9. c3 Na5 10. Bc2 c5 11. Nbd2 Bd7 12. Nf1 Rc8 13. Bd2 Qb6 14. a4 bxa4 15. Bxa4 Nc6 16. Qc2 Qc7 17. Bg5 h6 18. Bxf6 Bxf6 19. Ne3 Rfd8 20. Nd5 Qb7 21. Nd2 Bg5 22. Nc4 Be6 23. Ncb6 Bxd5 24. exd5 Qxb6 25. Bxc6 Rc7 26. Reb1 Ra7 27. b4 Qc7 28. Qa2 Bf6 29. b5 Rb8 30. bxa6 Rb6 31. Bb7 e4 32. Rxb6 Qxb6 33. Rb1 Qc7 34. dxe4 Bxc3 35. Bc6 Qa5 36. Qxa5 Bxa5 37. Bb5 f6 38. Bc4 Bb4 39. f3 Kf7 40. Kf2 Ke7 41. Kg3 h5 42. Kf4 g6 43. h3 Kf7 44. g4 h4 45. g5 Kg7 46. Kg4 fxg5 47. Kxg5 Kf7 48. Kxh4 Kf6 49. Kg4 Re7 50. Ra1 Ra7 51. h4 Bc3 52. Rh1 Rh7 53. Bb5 Be5 54. Bc6 c4 55. Bb7 Bd4 56. Rc1 c3 57. Rxc3 Bxc3 58. a7 Rh8 59. a8Q Rxa8 60. Bxa8 Bd2 61. Bc6 Ke5 62. Be8 Kf6 63. f4 Bc3 64. Bd7 Ba1 65. f5 Be5 66. fxg6 Kxg6 67. h5+ Kh6 68. Be8 Bh2 69. Kf5 Be5 70. Ke6 Bh2 1/2-1/2

[Event "Famalicao op 5th"]
[Site "Famalicao"]
[Date "2017.07.30"]
[Round "3"]
[White "Silva, Joao Emanuel Torres"]
[Black "Barroso, Simao Oliveira Alvi"]
[Result "0-1"]
[WhiteElo "1082"]
[BlackElo "1421"]
[PlyCount "100"]
[EventDate "2017.07.29"]
[EventType "swiss"]
[EventRounds "9"]
[EventCountry "POR"]
[SourceTitle "EXT 2018"]
[Source "ChessBase"]
[SourceDate "2017.10.13"]
[SourceVersion "1"]
[SourceVersionDate "2017.10.13"]
[SourceQuality "1"]

1. e4 c6 2. Nf3 d5 3. exd5 cxd5 4. d4 Nc6 5. Nc3 Nf6 6. Bd3 Bg4 7. Ne2 e6 8. Bf4 Be7 9. 0-0 Bxf3 10. gxf3 0-0 11. c4 dxc4 12. Bxc4 Qb6 13. b3 Rfd8 14. Be3 Qc7 15. Bb5 a6 16. Bxc6 Qxc6 17. Rc1 Qxf3 18. Ng3 Qxd1 19. Rfxd1 Rac8 20. Rxc8 Rxc8 21. f3 Nd5 22. Rc1 Rxc1+ 23. Bxc1 Nc3 24. a3 Bh4 25. Kg2 Bxg3 26. hxg3 g6 27. a4 Kf8 28. a5 Ke7 29. b4 Kd7 30. Bd2 Nd5 31. Kf2 Kc6 32. Ke2 Kb5 33. Kd3 Nxb4+ 34. Bxb4 Kxb4 35. g4 f6 36. f4 f5 37. g5 Kxa5 38. Kc4 b5+ 39. Kb3 Kb6 40. Kb4 a5+ 41. Kb3 Kc6 42. Kc3 Kd5 43. Kd3 b4 44. Kc2 Kxd4 45. Kb2 a4 46. Ka2 Ke4 47. Kb2 Kxf4 48. Ka2 e5 49. Kb1 Kf3 50. Ka1 e4 0-1

[Event "POR-ch U16"]
[Site "Luso"]
[Date "2017.04.12"]
[Round "7"]
[White "Pinto, Diogo Costa"]
[Black "Barroso, Simao Oliveira Alvi"]
[Result "0-1"]
[WhiteElo "1447"]
[BlackElo "1497"]
[PlyCount "108"]
[EventDate "2017.04.08"]
[EventType "swiss"]
[EventRounds "7"]
[EventCountry "POR"]
[SourceTitle "EXT 2018"]
[Source "ChessBase"]
[SourceDate "2017.10.13"]
[SourceVersion "1"]
[SourceVersionDate "2017.10.13"]
[SourceQuality "1"]

1. e4 c6 2. d4 d5 3. exd5 cxd5 4. Nf3 Nc6 5. Be2 Bg4 6. c3 Nf6 7. Nbd2 e6 8. Qa4 Qc7 9. Bb5 Nd7 10. 0-0 Be7 11. Ne5 Ndxe5 12. dxe5 Bf5 13. Nf3 0-0 14. Bxc6 bxc6 15. Nd4 Qxe5 16. Nxc6 Qc7 17. Bf4 Bd6 18. Bxd6 Qxd6 19. Nd4 Bg6 20. Qc6 Rfd8 21. Qxd6 Rxd6 22. f4 Rb6 23. b3 Rc8 24. Rac1 Bd3 25. Rf3 Be4 26. Re3 Ra6 27. a4 Rb6 28. b4 Rxb4 29. cxb4 Rxc1+ 30. Kf2 Rc4 31. Nb5 Rxb4 32. Nxa7 Rxa4 33. Nc6 Ra2+ 34. Re2 Rxe2+ 35. Kxe2 Bxg2 36. Ke3 Be4 37. Kd4 Kf8 38. Ne5 Ke7 39. Ng4 f6 40. Nf2 Kd6 41. Ng4 Bf5 42. Nf2 e5+ 43. fxe5+ fxe5+ 44. Ke3 g6 45. Nh1 d4+ 46. Kd2 Kd5 47. Ng3 e4 48. Ne2 e3+ 49. Ke1 d3 50. Nc3+ Kc4 51. Nd1 d2+ 52. Kf1 Bd3+ 53. Kg2 e2 54. Nb2+ Kb3 0-1

[Event "POR-ch U16"]
[Site "Luso"]
[Date "2017.04.11"]
[Round "5"]
[White "Ribeiro, Andre Amorim"]
[Black "Barroso, Simao Oliveira Alvi"]
[Result "0-1"]
[WhiteElo "1283"]
[BlackElo "1497"]
[PlyCount "66"]
[EventDate "2017.04.08"]
[EventType "swiss"]
[EventRounds "7"]
[EventCountry "POR"]
[SourceTitle "EXT 2018"]
[Source "ChessBase"]
[SourceDate "2017.10.13"]
[SourceVersion "1"]
[SourceVersionDate "2017.10.13"]
[SourceQuality "1"]

1. e4 c6 2. d4 d5 3. Nc3 dxe4 4. Nxe4 Nd7 5. Nf3 Ngf6 6. Ng3 e6 7. Bd3 Be7 8. 0-0 0-0 9. c4 c5 10. Re1 cxd4 11. Nxd4 Nc5 12. Bc2 a5 13. Bf4 Bd7 14. Qe2 Qb6 15. Be5 Rfd8 16. Nh5 Nxh5 17. Qxh5 g6 18. Qh6 Bf8 19. Qg5 Bg7 20. h4 Be8 21. Bxg7 Kxg7 22. h5 Nd7 23. Re4 f6 24. Nxe6+ Qxe6 25. Rxe6 fxg5 26. Re7+ Kg8 27. Bxg6 hxg6 28. h6 Nf6 29. Rg7+ Kf8 30. f4 gxf4 31. Rf1 Rd7 32. Rxd7 Bxd7 33. Rxf4 Kf7 0-1

[Event "POR-ch U16"]
[Site "Luso"]
[Date "2017.04.09"]
[Round "3"]
[White "Barroso, Simao Oliveira Alvi"]
[Black "Camelo, Joao"]
[Result "1/2-1/2"]
[WhiteElo "1497"]
[BlackElo "1298"]
[PlyCount "125"]
[EventDate "2017.04.08"]
[EventType "swiss"]
[EventRounds "7"]
[EventCountry "POR"]
[SourceTitle "EXT 2018"]
[Source "ChessBase"]
[SourceDate "2017.10.13"]
[SourceVersion "1"]
[SourceVersionDate "2017.10.13"]
[SourceQuality "1"]

1. e4 c5 2. Nf3 Nc6 3. Bb5 g6 4. 0-0 Bg7 5. Re1 d6 6. e5 Qc7 7. exd6 Qxd6 8. Nc3 Nf6 9. Ne5 Bd7 10. Nxd7 Qxd7 11. d3 0-0 12. Bxc6 Qxc6 13. Rxe7 Rad8 14. Qf3 Qxf3 15. gxf3 Rb8 16. Bf4 Ra8 17. Rxb7 Nh5 18. Bd2 Rfd8 19. Rc7 Bf8 20. Ne4 Rdc8 21. Rxc8 Rxc8 22. b3 Be7 23. Re1 Ng7 24. Be3 Ne6 25. f4 Kg7 26. Ng5 Nc7 27. d4 h6 28. Ne4 Nd5 29. dxc5 Nxe3 30. fxe3 Bxc5 31. Nxc5 Rxc5 32. c4 Kf6 33. Kf2 Ke6 34. Re2 Rh5 35. Ke1 a6 36. b4 Kd6 37. Kd2 Kc6 38. Kc3 Rh3 39. Kd4 Rh4 40. a4 Rh5 41. b5+ axb5 42. axb5+ Kb6 43. Ra2 Kb7 44. c5 Rf5 45. Rc2 Kc7 46. b6+ Kc6 47. Rb2 Rd5+ 48. Ke4 f5+ 49. Kf3 Rd7 50. e4 Rd3+ 51. Kg2 Rd7 52. e5 Rb7 53. e6 g5 54. Kg3 Rb8 55. fxg5 hxg5 56. h4 gxh4+ 57. Kxh4 Kxc5 58. Kg5 Kd6 59. Kxf5 Rf8+ 60. Ke4 Kxe6 61. Kd4 Kd6 62. b7 Kc7 63. b8Q+ 1/2-1/2

[Event "Famalicao op 4th"]
[Site "Famalicao"]
[Date "2016.08.01"]
[Round "3"]
[White "Barroso, Simao Oliveira Alvi"]
[Black "Silva, Mariana Sofia Teixe"]
[Result "0-1"]
[WhiteElo "1307"]
[BlackElo "1850"]
[PlyCount "60"]
[EventDate "2016.07.30"]
[EventType "swiss"]
[EventRounds "7"]
[EventCountry "POR"]
[SourceTitle "CBM 173 Extra"]
[Source "ChessBase"]
[SourceDate "2016.08.29"]
[SourceVersion "1"]
[SourceVersionDate "2016.08.29"]
[SourceQuality "1"]

1. e4 c5 2. Nf3 d6 3. Bb5+ Bd7 4. Bxd7+ Nxd7 5. 0-0 Ngf6 6. Re1 e6 7. c3 Be7 8. d4 0-0 9. Bg5 cxd4 10. cxd4 h6 11. Bh4 d5 12. e5 Ne4 13. Bxe7 Qxe7 14. Nbd2 Nxd2 15. Nxd2 Rac8 16. Rc1 Nb6 17. Qb3 Qg5 18. Qe3 Qxe3 19. fxe3 Na4 20. b3 Nc3 21. a4 Ne2+ 22. Rxe2 Rxc1+ 23. Kf2 f6 24. exf6 Rxf6+ 25. Kg3 Rc2 26. h3 Rf8 27. h4 a6 28. h5 b5 29. axb5 axb5 30. b4 Rb2 0-1

[Event "POR-ch U16"]
[Site "Luso"]
[Date "2016.07.22"]
[Round "4"]
[White "Bastiao, Goncalo de Oliveira"]
[Black "Barroso, Simao Oliveira Alvi"]
[Result "1/2-1/2"]
[WhiteElo "1549"]
[BlackElo "1307"]
[PlyCount "47"]
[EventDate "2016.07.20"]
[EventType "swiss"]
[EventRounds "7"]
[EventCountry "POR"]
[SourceTitle "EXT 2018"]
[Source "ChessBase"]
[SourceDate "2017.10.13"]
[SourceVersion "1"]
[SourceVersionDate "2017.10.13"]
[SourceQuality "1"]

1. e4 c6 2. d4 d5 3. Nc3 dxe4 4. Nxe4 Nd7 5. Nf3 Ngf6 6. Ng3 e6 7. Bd3 Be7 8. 0-0 0-0 9. Re1 c5 10. c3 b6 11. Qc2 Bb7 12. Ne4 Qc7 13. Bg5 h6 14. Bh4 Rac8 15. Bg3 Qd8 16. dxc5 Nxc5 17. Nxc5 Bxc5 18. Rad1 Qe8 19. Rd2 Bxf3 20. gxf3 Nh5 21. Kg2 Nxg3 22. fxg3 Qe7 23. Red1 Rfd8 24. Kh1 1/2-1/2

[Event "Famalicao op 3rd"]
[Site "Famalicao"]
[Date "2015.08.06"]
[Round "6"]
[White "Ribeiro, Orlando Camilo Duar"]
[Black "Barroso, Simao Oliveira Alvi"]
[Result "0-1"]
[WhiteElo "1433"]
[BlackElo "1160"]
[PlyCount "76"]
[EventDate "2015.08.02"]
[EventType "swiss"]
[EventRounds "7"]
[EventCountry "POR"]
[SourceTitle "CBM 167 Extra"]
[Source "ChessBase"]
[SourceDate "2015.09.14"]
[SourceVersion "1"]
[SourceVersionDate "2015.09.14"]
[SourceQuality "1"]

1. e4 e5 2. Nf3 Nc6 3. Bc4 Bc5 4. d3 h6 5. Be3 Bb6 6. 0-0 d6 7. h3 Be6 8. Bb3 Nf6 9. Nc3 Nd4 10. Na4 Nd7 11. Kh1 Nxb3 12. axb3 f5 13. exf5 Bxf5 14. Re1 0-0 15. Nh2 Bxe3 16. Rxe3 Qh4 17. Qe1 Rf7 18. Nc3 Nb6 19. Nf3 Qe7 20. Nd2 Be6 21. Kg1 Raf8 22. Rxa7 Rxf2 23. Rxb7 Qg5 24. g3 Bxh3 25. Nce4 Rf1+ 26. Kh2 R8f2+ 27. Nxf2 Rxe1 28. Rxe1 Bg4 29. Nde4 Qh5+ 30. Kg1 Bf5 31. Rxc7 Bxe4 32. Nxe4 Qg6 33. Kg2 Nd5 34. Rc8+ Kh7 35. Rd8 Nf4+ 36. Kg1 d5 37. Kf1 dxe4 38. gxf4 Qf6 0-1

[Event "Famalicao op 3rd"]
[Site "Famalicao"]
[Date "2015.08.02"]
[Round "1"]
[White "Pintor, Simao Maciel Abranc"]
[Black "Barroso, Simao Oliveira Alvi"]
[Result "1-0"]
[WhiteElo "2089"]
[BlackElo "1160"]
[PlyCount "53"]
[EventDate "2015.08.02"]
[EventType "swiss"]
[EventRounds "7"]
[EventCountry "POR"]
[SourceTitle "CBM 167 Extra"]
[Source "ChessBase"]
[SourceDate "2015.09.14"]
[SourceVersion "1"]
[SourceVersionDate "2015.09.14"]
[SourceQuality "1"]

1. e4 e5 2. Nf3 Nc6 3. Bc4 Bc5 4. c3 Nf6 5. d4 exd4 6. cxd4 Bb4+ 7. Nc3 Nxe4 8. 0-0 Nxc3 9. bxc3 Bxc3 10. Qb3 d5 11. Bxd5 0-0 12. Bxf7+ Rxf7 13. Ng5 Qf8 14. Qxc3 Rf6 15. Ba3 Qd8 16. Qc4+ Kh8 17. Nf7+ Rxf7 18. Qxf7 Bd7 19. Rfe1 Nxd4 20. Re7 Qf8 21. Qxf8+ Rxf8 22. Rxd7 Ne2+ 23. Kf1 Re8 24. Re1 Ng3+ 25. hxg3 Rg8 26. Bb2 h6 27. Ree7 1-0

[Event "Madeira AEJ op 11th"]
[Site "Sao Joao da Madeira"]
[Date "2014.10.11"]
[Round "6"]
[White "Barroso, Simao Oliveira Alvi"]
[Black "Barbosa, Carlos Manuel Ventu"]
[Result "0-1"]
[WhiteElo "1183"]
[BlackElo "1452"]
[PlyCount "86"]
[EventDate "2014.10.04"]
[EventType "swiss"]
[EventRounds "7"]
[EventCountry "POR"]
[SourceTitle "EXT 2018"]
[Source "ChessBase"]
[SourceDate "2017.10.13"]
[SourceVersion "1"]
[SourceVersionDate "2017.10.13"]
[SourceQuality "1"]

1. e4 d5 2. exd5 Qxd5 3. Nc3 Qa5 4. Nf3 Bg4 5. g3 Nf6 6. Bg2 c6 7. d3 e6 8. 0-0 Bd6 9. Be3 Nbd7 10. Qd2 Qc7 11. Rfe1 0-0 12. Ne2 Nd5 13. Bf4 Nxf4 14. Nxf4 h6 15. h3 Bf5 16. d4 Nf6 17. Rad1 Rad8 18. c3 Bxf4 19. Qxf4 Qxf4 20. gxf4 Nh5 21. Nh4 Bh7 22. Re3 Nxf4 23. Be4 Bxe4 24. Rxe4 Nxh3+ 25. Kg2 Ng5 26. Re5 Rd5 27. Rde1 Rfd8 28. Nf3 Nxf3 29. Kxf3 Rxe5 30. Rxe5 Rd5 31. Rxd5 exd5 32. Kg4 g6 33. b4 f6 34. f4 Kf7 35. a4 Ke6 36. a5 h5+ 37. Kg3 Kf5 38. Kf3 g5 39. fxg5 fxg5 40. Kf2 Kf4 41. Kg2 g4 42. Kf2 h4 43. Kg2 Ke3 0-1

[Event "Madeira AEJ op 11th"]
[Site "Sao Joao da Madeira"]
[Date "2014.10.05"]
[Round "2"]
[White "Bastos, Carlos Alberto da C"]
[Black "Barroso, Simao Oliveira Alvi"]
[Result "1-0"]
[WhiteElo "1453"]
[BlackElo "1183"]
[PlyCount "61"]
[EventDate "2014.10.04"]
[EventType "swiss"]
[EventRounds "7"]
[EventCountry "POR"]
[SourceTitle "EXT 2018"]
[Source "ChessBase"]
[SourceDate "2017.10.13"]
[SourceVersion "1"]
[SourceVersionDate "2017.10.13"]
[SourceQuality "1"]

1. d4 d5 2. c4 Nf6 3. Nc3 Nc6 4. Nf3 Bg4 5. e3 e6 6. h3 Bf5 7. a3 Bd6 8. c5 Be7 9. b4 a6 10. Nh4 Bg6 11. Nf3 0-0 12. Bd3 Bxd3 13. Qxd3 Re8 14. 0-0 Bf8 15. Ne5 Nxe5 16. dxe5 Nd7 17. Qd4 g6 18. Bb2 Bg7 19. f4 f6 20. exf6 Bxf6 21. Qd2 b6 22. cxb6 Nxb6 23. Rab1 Nc4 24. Qc1 Nxb2 25. Rxb2 Qe7 26. Rc2 Bxc3 27. Rxc3 Rac8 28. Rc6 Red8 29. Qc3 Rd6 30. Rd1 Kf8 31. Qh8+ 1-0

[Event "Madeira AEJ op 11th"]
[Site "Sao Joao da Madeira"]
[Date "2014.10.04"]
[Round "1"]
[White "Barroso, Simao Oliveira Alvi"]
[Black "Andrade, Ricardo Sarmento"]
[Result "1/2-1/2"]
[WhiteElo "1183"]
[BlackElo "1625"]
[PlyCount "94"]
[EventDate "2014.10.04"]
[EventType "swiss"]
[EventRounds "7"]
[EventCountry "POR"]
[SourceTitle "EXT 2018"]
[Source "ChessBase"]
[SourceDate "2017.10.13"]
[SourceVersion "1"]
[SourceVersionDate "2017.10.13"]
[SourceQuality "1"]

1. e4 d5 2. exd5 Qxd5 3. Nc3 Qd6 4. Nf3 c6 5. g3 Nf6 6. Bg2 Bg4 7. 0-0 e6 8. d3 Be7 9. Bf4 Qb4 10. Rb1 Nbd7 11. Qd2 Nd5 12. Nxd5 cxd5 13. Qxb4 Bxb4 14. c3 Be7 15. h3 Bf5 16. Rbd1 h6 17. g4 Bh7 18. d4 Be4 19. Rc1 0-0 20. c4 dxc4 21. Rxc4 Bd3 22. Rc7 Bxf1 23. Rxd7 Bxg2 24. Kxg2 Bf6 25. Rxb7 a5 26. b3 Rfd8 27. Be3 a4 28. Kg3 axb3 29. axb3 Rab8 30. Rxb8 Rxb8 31. Nd2 Rb4 32. Nf3 Rxb3 33. Kg2 Rb5 34. Kg3 g5 35. h4 gxh4+ 36. Nxh4 Bg5 37. Nf3 Bxe3 38. fxe3 f6 39. Kf4 Kf7 40. Nh4 Rb1 41. Kg3 Rg1+ 42. Kf4 Ke7 43. e4 Rd1 44. Ke3 Kd6 45. Ng6 Re1+ 46. Kf4 e5+ 47. dxe5+ fxe5+ 1/2-1/2